000 01137nam a22003495i 4500
999 _c14571
_d14571
001 20740837
003 OSt
005 20191011180600.0
008 181109s2018 mau 000 0 eng
010 _a 2018963914
020 _a9780128053102
040 _aDLC
_beng
_erda
_cDLC
042 _apcc
082 _22019
_aDC 363.289
_bF522
100 1 _aFischer, Robert.
_940297
245 1 0 _aIntroduction to security/
_cRobert Fischer, Edward Halibozek, David Walters.
250 _a10th edition.
263 _a1811
264 1 _aCambridge, MA :
_bElsevier,
_c2019.
300 _av, 566 pages:
_billustrations;
_c23 cm.
336 _atext
_btxt
_2rdacontent
337 _aunmediated
_bn
_2rdamedia
338 _avolume
_bnc
_2rdacarrier
500 _aIncludes appendices and index
650 _aPrivate security services; Industries -- Security measures
_940298
650 _aViolence in the workplace -- Prevention
_940299
700 _aHalibozek, Edward P.
_eAuthor
_940300
700 _aWalters, David C.
_eAuthor
_940301
906 _a0
_bibc
_corignew
_d2
_eepcn
_f20
_gy-gencatlg
942 _2ddc
_cDC